| 000 | 00635nam a2200241Ia 4500 | ||
|---|---|---|---|
| 001 | 53820 | ||
| 005 | 20240114005400.0 | ||
| 007 | ta | ||
| 008 | 110312s2008 g b000 u 807 u | ||
| 040 | _aCottonCollege,Assam | ||
| 041 | _a807 | ||
| 082 |
_a891.43209 _bAl 48 Sa |
||
| 100 | _aAliyar, Someen . | ||
| 245 | 0 |
_aSamakalin Hindi Natak : Nayi Sangbadena / _cSomeen Aliyar. _hTextual Documents |
|
| 250 | _aIst ed / | ||
| 260 |
_aMathura : _bJawahar Pustakalaya , _c2008. |
||
| 300 | _c23cm. | ||
| 653 | _aHindi Literature | ||
| 653 | _aG-Hindi | ||
| 942 |
_2ddc _cBK |
||
| 999 |
_c53783 _d53783 |
||